000 00727nam a2200229Ia 4500
001 25386
003 AR-BaAGN
005 20231117120856.0
007 ta
008 211213nuuuuuuuusp |||||||||||||| ||spa d
040 _dAR-BaAGN
_aAR-BaAGN
_bspa
_eaacr
100 _aJaurés, Jean
245 1 0 _aHistoria Socialista :
_b1789 - 1900 /
_cJean Jaurés
260 _aValencia :
_bF. Sempere,
_c[fecha de publicación no identificada]
300 _a795 páginas :
_bilustraciones
336 _2rdacontent
_btxt
337 _2rdamedia
_bn
338 _2rdacarrier
_bnc
500 _aTercera parte: la convensión, la republica. Las ideas políticas y sociales de Europa y la revolución (1792).
942 _cLIBRO
999 _c25386
_d25386